Eficiencia de los tratamientos pregerminativos sujetos a diferentes periodos de almacenamiento en semillas de cinco especies forestales (Registro nro. 1285)

Detalles MARC
000 -CABECERA
Campo de control 00837nam a2200253 a 4500
005 - FECHA Y HORA DE LA ULTIMA TRANSACCION
Campo de control 20160825164603.0
008 - ELEMENTOS DE LONGITUD FIJA—INFORMACION GENERAL
Campo de control 140226b1988 ck |||||rm||| 00| 0 spa d
040 ## - FUENTE DE CATALOGACIÓN
Agencia catalogadora original CO-BoIAVH
Agencia transcriptora CO-BoIAVH
041 ## - IDIOMA
Código de idioma para texto/pista de sonido o título separado Español
044 ## - PAÍS DE PUBLICACIÓN
País de publicación Colombia
090 ## - CLASIFICACIÓN LOCAL
Colección TE
Consecutivo 0034
100 ## - ASIENTO PRINCIPAL--NOMBRE PERSONAL
Nombre personal Lamprea Quiroga, Pedro S.
9 (RLIN) 11634
245 ## - MENCION DE TITULO
Título Eficiencia de los tratamientos pregerminativos sujetos a diferentes periodos de almacenamiento en semillas de cinco especies forestales
260 ## - PUBLICACION, DISTRIBUCION, ETC. (PIE DE IMPRENTA)
Lugar de publicación, distribución, etc. Bogotá
Nombre del editor, distribuidor, etc. Universidad Distrital Francisco José de Caldas
Fecha de publicación, distribución, etc. 1988
300 ## - DESCRIPCION FISICA
Extensión 129 p.
650 ## - ASIENTO SECUNDARIO DE MATERIA - TERMINO TEMATICO
Término temático o nombre geográfico como elemento de entrada Germinación
9 (RLIN) 11635
650 ## - ASIENTO SECUNDARIO DE MATERIA - TERMINO TEMATICO
Término temático o nombre geográfico como elemento de entrada Almacenamiento
9 (RLIN) 74808
650 ## - ASIENTO SECUNDARIO DE MATERIA - TERMINO TEMATICO
Término temático o nombre geográfico como elemento de entrada Semillas
9 (RLIN) 74809
650 ## - ASIENTO SECUNDARIO DE MATERIA - TERMINO TEMATICO
Término temático o nombre geográfico como elemento de entrada Especies forestales
9 (RLIN) 74810
650 ## - ASIENTO SECUNDARIO DE MATERIA - TERMINO TEMATICO
Término temático o nombre geográfico como elemento de entrada Métodos de laboratorio
9 (RLIN) 3515
662 ## - ASIENTO SECUNDARIO DE MATERIA - JERARQUIA DEL NOMBRE DE LUGAR(
País o entidad mayor Colombia
700 ## - ASIENTO SECUNDARIO - NOMBRE PERSONAL
Nombre personal Villamizar Carvajal, Jesus A.
9 (RLIN) 11638
942 ## - ELEMENTOS ADICIONALES (KOHA)
Tipo de ítem Tesis
Sistema de clasificación Local
Existencias
Withdrawn status Lost status Sistema de Clasificación Damaged status No para préstamo Colección Inventariado Ubicación Permanente Ubicación actual Fecha de adquisición Fuente de Valor Total Checkouts Número topográfico Inventario / Código de Barras Date last seen Ejemplar Price effective from Forma de adquisición Tipo de material
    Local     Tesis Inventariado 2017 Bogotá Bogotá 01/05/1999 Instituto Nacional de los Recursos Naturales Renovables y del Medio Ambiente   TE-0034 001726 04/12/2012 Ej. 1 04/12/2012 Donación Tesis